Semblança de Lleó Fontova / Josep Artís
Descripción Física:
81 p., [8] f. de làm. ; 16 cm
Colección:
Publicacions de la Institució de Teatre ; 14
Materias:
Fontova, Lleó
MARC
| LEADER | 00000nam a2200000Ia 4500 | ||
|---|---|---|---|
| 001 | 8365 | ||
| 003 | BGR | ||
| 005 | 20260324175214.0 | ||
| 008 | 160829s1936 xx 000 0 cat d | ||
| 080 | |a B-1-249 | ||
| 100 | |a Artís, Josep |9 20218 | ||
| 245 | |a Semblança de Lleó Fontova / Josep Artís | ||
| 260 | |a Barcelona : |b Generalitat de Catalunya. Institució del Teatre, |c 1936 | ||
| 300 | |a 81 p., [8] f. de làm. ; |c 16 cm | ||
| 490 | |a Publicacions de la Institució de Teatre ; 14 | ||
| 650 | |a Fontova, Lleó |9 20219 | ||
| 710 | 1 | |a Institut del Teatre (Barcelona, Catalunya) |9 52662 | |
| 901 | |a Arxiu | ||
| 942 | |n 1 |2 udc |c MON | ||
| 952 | |0 0 |1 0 |4 0 |6 B1249 |7 1 |9 41495 |a Arxiu |b Arxiu |d 2016-12-01 |l 0 |o B-1-249 |p 8365 |r 2016-12-01 00:00:00 |w 2016-12-01 |y ARXIU | ||
| 999 | |c 43303 |d 43303 | ||